Normal view
MARC view
- Farquhar, Grahame J.
Entry Personal Name
001 - CONTROL NUMBER
- control field: 6417
003 - CONTROL NUMBER IDENTIFIER
- control field: NUST
005 - DATE AND TIME OF LATEST TRANSACTION
- control field: 20171116093456.0
008 - FIXED-LENGTH DATA ELEMENTS
- fixed length control field: 171116|| aca||aabn | a|a d
040 ## - CATALOGING SOURCE
- Original cataloging agency: NUST
- Transcribing agency: NUST
100 ## - HEADING--PERSONAL NAME
- Personal name: Farquhar, Grahame J.
670 ## - SOURCE DATA FOUND
- Source citation: Work cat.: (NUST)0: McBean, Edward A. 6414, Solid waste landfill engineering and design /, c1995.
